Регионална библиотека "Любен Каравелов" - Русе

Ерос и цивилизация (Запис номер 138540)

MARC детайли
000 -Лидер
Контролно поле с фиксирана дължина nam a22 a 4500
003 - Код на организацията, давaща контролен номер
Контролно поле BLK
005 - Дата и час на последна редакция
Контролно поле 20230503145825.0
008 - Елементи от данни с фиксирана дължина
fixed length control field 180409b bul|||||r ||||||| ||bul||
010 ## - Наследен системен номер
LC control number KNG00144531000
020 ## - Международен стандартен номер на книга ISBN
Международен стандартен номер на книга ISBN 954-445-122-6
040 ## - Източник на каталожния запис
Идентификатор на билиотеката - собственик на записа BLK
041 ## - Код за език
Код за езика на текст/звукозапис или на отделно заглавие Български
Код за езика КДБФ Български
080 ## - УДК
Текстов определител УДК Социология на културата и цивилизацията
УДК код - определител по УДК 316.7
УДК определител :159.964.2
УДК - код + определител 316.7:159.964.2
100 1# - Редна дума - Автор
Автор Маркузе, Херберт
Авторска отговорност първи автор
R(LIN) 260541
139 ## - Редно поле
Редна дума Маркузе, Херберт
Авторски знак Марк - М 32
245 10 - Сведения за заглавието
Заглавие Ерос и цивилизация
Подзаглавни данни Филос. изследване на Фройд
Редно поле (дума) Херберт Маркузе; прев. от англ. Естер Бодурска.
257 ## - Страна на издаване
Страна на създаване/издаване Германия
260 ## - Област на издателските данни
Място на издаване, разпространение и проч. София
Име на издателя, разпространителя и проч. Христо Ботев
Година на издаване 1993
300 ## - Физическа характеристика
Страници 288 с.
Размери/Мащаб 20 см
380 ## - Жанр
Жанр Философия
490 ## - СЕРИИ (Колекции)
Име на серия Поредица Философия на духа
9 (RLIN) 202172
500 ## - Общи забележки
Забележка Ориг. загл. Eros and Civilization / Herbert Marcuse.
650 #4 - Допълнително описание по предмет – тема
Основно описание – тема или топоним Личност и общество
9 (RLIN) 243183
650 #4 - Допълнително описание по предмет – тема
Основно описание – тема или топоним Фройдизъм
9 (RLIN) 176215
653 ## - Ключова дума – ненормативна
Ключова дума личност
653 ## - Ключова дума – ненормативна
Ключова дума цивилизация
653 ## - Ключова дума – ненормативна
Ключова дума фройдизъм
700 1# - Други автори (авторска отговорност)
Лично име Бодурска, Естер
Автороска отговорност (Описва отношението между автора и произведението) прев. от англ.
9 (RLIN) 326373
852 ## - Местоположение
Форматна сигнатура Цб 174395
Фондова буква Хранилище
856 4# - Електронен адрес и достъп
Електронен формат pdf - файл
Инструкция (цена за достъп) 0.00
Права за достъп disable
856 4# - Електронен адрес и достъп
Електронен формат pdf - файл
Инструкция (цена за достъп) 0.00
Права за достъп disable
999 ## - СИСТЕМНИ КОНТРОЛНИ НОМЕРА
Koha biblionumber 138540
Koha biblioitemnumber 138540
942 ## - АРТИКУЛИ
Вид на библиотечния материал Книги
Скрит в OPAC Не
Периодичен библиозапис Да
944 ## - СЪЗДАВАНЕ И РЕДАКЦИЯ на ЗАПИСА
Създаване/Редакция Създаване
Дата на регистрацията/редакция 26.06.2013
Статус, дата на статуса 26.06.2013 - от С1,Р / 26.06.2013
Служител, извършил регистрацията/редакцията Грета_Цуфелде
944 ## - СЪЗДАВАНЕ И РЕДАКЦИЯ на ЗАПИСА
Създаване/Редакция Редакция
Дата на регистрацията/редакция 26.06.2013
Статус, дата на статуса 26.06.2013 - от С1,Р / 26.06.2013
999 ## - СИСТЕМНИ КОНТРОЛНИ НОМЕРА
Koha biblioitemnumber 138540
999 ## - СИСТЕМНИ КОНТРОЛНИ НОМЕРА
Koha biblioitemnumber 138540
Наличности
Код за отписване Код за изгубен артикул Източник на класификационната схема Код за повреда Коз за рестрикции Код за отдаване Артикулен № Име на библиотеката - собственик Име на библиотеката, в която се намира в момента Статус (Текущо местоположение) Дата на вписване в системата Местоположение - отдел Цена в лева Инвентарен номер Систематично азбучна сигнатура Баркод Номер на екземпляра Цена в евро Служебна бележка Служебен тип на артикула
  Не е изгубен Universal Decimal Classification Не е повреден без рестрикции ползва се в читалня 226437 Регионална библиотека "Любен Каравелов" Русе Регионална библиотека "Любен Каравелов" Русе Хранилище 1993-01-01 Хранилище 1.72 585052 Цб 174395 120000585052 1 0.88 N: стар фонд Дата: 01.01.1993 Книги
Изтеглен Не е изгубен Universal Decimal Classification Не е повреден без рестрикции заемане за дома 226438 Регионална библиотека "Любен Каравелов" Русе Регионална библиотека "Любен Каравелов" Русе Заемна - подръчен фонд 1993-01-01 Заемна - подръчен фонд 3.43 585631 П 159.92/М 32 585631 2 1.75 N: стар фонд Дата: 01.01.1993 Дата инв: 02.02.2018 Бележки инв: П2018 Книги
Изтеглен Не е изгубен Universal Decimal Classification Не е повреден без рестрикции заемане за дома 226439 Регионална библиотека "Любен Каравелов" Русе Регионална библиотека "Любен Каравелов" Русе Заемна - подръчен фонд 1993-01-01 Заемна - подръчен фонд 3.43 585633 П 159.92/М 32 585633 3 1.75 N: стар фонд Дата: 01.01.1993 Дата инв: 01.02.2018 Бележки инв: П2018 Книги
Изтеглен Не е изгубен Universal Decimal Classification Не е повреден без рестрикции заемане за дома 226440 Регионална библиотека "Любен Каравелов" Русе Регионална библиотека "Любен Каравелов" Русе Заемна - подръчен фонд 1993-01-01 Заемна - подръчен фонд 3.43 585637 П 159.92/М 32 585637 4 1.75 N: стар фонд Дата: 01.01.1993 Дата инв: 02.02.2018 Бележки инв: П2018 Книги
Изтеглен Не е изгубен Universal Decimal Classification Не е повреден без рестрикции заемане за дома 226441 Регионална библиотека "Любен Каравелов" Русе Регионална библиотека "Любен Каравелов" Русе Заемна - подръчен фонд 1993-01-01 Заемна - подръчен фонд 3.43 585639 П 159.92/М 32 585639 5 1.75 N: стар фонд Дата: 01.01.1993 Дата инв: 01.02.2018 Бележки инв: П2018 Книги
Изтеглен Не е изгубен Universal Decimal Classification Не е повреден без рестрикции заемане за дома 226442 Регионална библиотека "Любен Каравелов" Русе Регионална библиотека "Любен Каравелов" Русе Заемна - подръчен фонд 1993-01-01 Заемна - подръчен фонд 3.43 585640 П 159.92/М 32 585640 6 1.75 N: стар фонд Дата: 01.01.1993 Дата инв: 01.02.2018 Бележки инв: П2018 Книги
Vip Innovations Ltd, Rousse, Bulgaria 2025